[Event "6th Sharjah Masters 2023"]
[Site "Sharjah UAE"]
[Date "2023.05.21"]
[Round "5.19"]
[White "Erigaisi, Arjun"]
[Black "Asis Gargatagli, Hipolito"]
[Result "1-0"]
[WhiteTitle "GM"]
[BlackTitle "GM"]
[WhiteElo "2701"]
[BlackElo "2519"]
[WhiteFideId "35009192"]
[BlackFideId "2260735"]
[EventDate "2023.05.17"]
[EventType "swiss"]

1. e4 c5 2. Nf3 d6 3. Bb5+ Nd7 4. Ba4 Nf6 5. O-O g6 6. Re1 Bg7 7. c3 a6 8. d4 b5
9. Bc2 cxd4 10. cxd4 O-O 11. e5 dxe5 12. dxe5 Ng4 13. Bf4 Bb7 14. Nbd2 Nc5 15.
h3 Ne6 16. Bg3 Nh6 17. Be4 Qb6 18. Bxb7 Qxb7 19. Nb3 Rfd8 20. Qe2 a5 21. Rad1
Nf5 22. Bh2 a4 23. Nbd2 Bh6 24. Qe4 Qb6 25. Qe2 Rac8 26. Ne4 Qc6 27. a3 Nfd4 28.
Nxd4 Nxd4 29. Qg4 Ne6 30. Bg3 Qc2 31. Rxd8+ Rxd8 32. Bh4 Bf8 33. Qe2 Qc6 34. f3
Nf4 35. Qe3 Ne6 36. Qc1 Qb6+ 37. Bf2 Qb8 38. f4 Bh6 39. g3 Bf8 40. Rd1 Rc8 41.
Qd2 Qb7 42. Qd5 Qb8 43. Qd2 Rc4 44. Qe2 h5 45. Qf3 b4 46. f5 gxf5 47. Qxf5 bxa3
48. bxa3 Qb3 49. Rd3 Qb1+ 50. Kh2 Ng7 51. Qf3 Rc2 52. Ng5 Qa2 53. Kg2 Qc4 54.
Rd4 Qb3 55. Qe4 Rxf2+ 56. Kxf2 Qb2+ 57. Kf3 1-0

[Event "6th Sharjah Masters 2023"]
[Site "Sharjah UAE"]
[Date "2023.05.21"]
[Round "5.20"]
[White "Yoo, Christopher Woojin"]
[Black "Salem, A.R. Saleh"]
[Result "0-1"]
[WhiteTitle "GM"]
[BlackTitle "GM"]
[WhiteElo "2607"]
[BlackElo "2677"]
[WhiteFideId "30909694"]
[BlackFideId "9301348"]
[EventDate "2023.05.17"]
[EventType "swiss"]

1. d4 Nf6 2. Nf3 g6 3. c4 Bg7 4. g3 c6 5. Bg2 O-O 6. Nc3 d5 7. Qb3 a5 8. c5 Nbd7
9. Na4 Ne4 10. Bf4 f6 11. Nd2 Nxd2 12. Bxd2 f5 13. O-O Kh8 14. e3 e5 15. dxe5
Nxe5 16. Bc3 Qe7 17. Nb6 Ra7 18. Bd4 Nd7 19. Na4 Nf6 20. f3 Be6 21. Qc3 g5 22.
e4 f4 23. Rae1 dxe4 24. gxf4 gxf4 25. fxe4 Nd7 26. Kh1 Raa8 27. Rd1 Bg4 28. Bf3
Bxf3+ 29. Rxf3 Ne5 30. Rg1 Rad8 31. Rff1 Ng6 32. Bxg7+ Qxg7 33. Qh3 Qf6 34. Nb6
Ne5 35. Qh5 f3 36. Rg5 Nd3 37. h4 Qf4 38. Rgg1 Rg8 39. Nc4 Rxg1+ 0-1

[Event "6th Sharjah Masters 2023"]
[Site "Sharjah UAE"]
[Date "2023.05.21"]
[Round "5.21"]
[White "Ivic, Velimir"]
[Black "Sindarov, Javokhir"]
[Result "0-1"]
[WhiteTitle "GM"]
[BlackTitle "GM"]
[WhiteElo "2595"]
[BlackElo "2661"]
[WhiteFideId "950122"]
[BlackFideId "14205483"]
[EventDate "2023.05.17"]
[EventType "swiss"]

1. d4 Nf6 2. c4 g6 3. Nc3 Bg7 4. e4 d6 5. Nf3 O-O 6. Be2 e5 7. O-O Na6 8. Be3
Qe7 9. Qc2 Nb4 10. Qd2 Bg4 11. d5 a5 12. b3 Na6 13. Ne1 Bxe2 14. Qxe2 Nh5 15. f3
f5 16. Nd3 Nf4 17. Qd2 Nxd3 18. Qxd3 h5 19. Rab1 Kh7 20. a3 f4 21. Bf2 g5 22. g4
fxg3 23. hxg3 g4 24. fxg4 Qd7 25. Kg2 Qxg4 26. Rh1 Bf6 27. Rxh5+ Qxh5 28. Rh1
Qxh1+ 29. Kxh1 Bg5 30. Kg2 Rf6 31. Nd1 Raf8 32. Qe2 Bc1 33. Qh5+ Rh6 34. Qg4 Rg6
35. Qd7+ Kg8 36. a4 Bf4 37. g4 Nb4 38. c5 Nd3 39. c6 bxc6 40. dxc6 Rg7 41. Qe6+
Kh7 42. Bg3 Nc5 0-1

[Event "6th Sharjah Masters 2023"]
[Site "Sharjah UAE"]
[Date "2023.05.21"]
[Round "5.22"]
[White "Yakubboev, Nodirbek"]
[Black "Harsha, Bharathakoti"]
[Result "1-0"]
[WhiteTitle "GM"]
[BlackTitle "GM"]
[WhiteElo "2630"]
[BlackElo "2602"]
[WhiteFideId "14203987"]
[BlackFideId "5078776"]
[EventDate "2023.05.17"]
[EventType "swiss"]

1. d4 d5 2. Nf3 Nf6 3. Bf4 Bf5 4. e3 e6 5. Nbd2 Bd6 6. Ne5 Nbd7 7. Be2 Ne4 8. g4
Bg6 9. h4 Nxd2 10. Qxd2 Bxe5 11. dxe5 h5 12. gxh5 Bxh5 13. O-O-O Qe7 14. Rhg1
Bxe2 15. Qxe2 f6 16. e4 O-O-O 17. exd5 exd5 18. Qg4 c6 19. exf6 gxf6 20. h5 Qf7
21. h6 f5 22. Qf3 Rhg8 23. Qa3 Rxg1 24. Rxg1 Rg8 25. Rh1 1-0

[Event "6th Sharjah Masters 2023"]
[Site "Sharjah UAE"]
[Date "2023.05.21"]
[Round "5.23"]
[White "Jumabayev, Rinat"]
[Black "Petrosyan, Manuel"]
[Result "0-1"]
[WhiteTitle "GM"]
[BlackTitle "GM"]
[WhiteElo "2590"]
[BlackElo "2629"]
[WhiteFideId "13702661"]
[BlackFideId "13300857"]
[EventDate "2023.05.17"]
[EventType "swiss"]

1. e4 e5 2. Nf3 Nc6 3. Bc4 Bc5 4. d3 Nf6 5. Nc3 d6 6. Na4 Bb6 7. a3 O-O 8. h3
Qe7 9. O-O h6 10. b4 Be6 11. Bxe6 Qxe6 12. Bb2 Nd7 13. Nh4 Ne7 14. Qf3 Bd4 15.
c3 Nb6 16. cxd4 Nxa4 17. Qe2 c6 18. Nf3 Nxb2 19. Qxb2 Ng6 20. Rfe1 Nf4 21. Re3
Qg6 22. Nh4 Qg5 23. g3 Nxh3+ 24. Kh2 Nf4 25. Nf5 Ne6 26. dxe5 dxe5 27. Qxe5 g6
28. f4 Qh5+ 29. Kg2 gxf5 30. Rh1 Qg4 31. Rh4 Qg7 32. Qxf5 Qb2+ 33. Kf1 Qb1+ 34.
Kg2 Qc2+ 35. Kh3 Qd1 36. Qe5 Ng7 37. Qc3 Qh1+ 38. Kg4 f5+ 39. exf5 h5+ 40. Kg5
Qd5 41. g4 Nxf5 42. Rxh5 Nxe3+ 43. Kh4 Qh1+ 44. Kg5 Qd5+ 45. Kh4 Qd8+ 46. Rg5+
Kf7 47. Qg7+ Ke8 48. Kg3 Qf6 49. Re5+ Kd8 50. Qxf6+ Rxf6 51. Rxe3 Kd7 52. g5 Re6
53. Rf3 Ke7 54. Kg4 Rh8 55. d4 Kf7 56. Rc3 Rd8 57. Rh3 Kg7 58. f5 0-1

[Event "6th Sharjah Masters 2023"]
[Site "Sharjah UAE"]
[Date "2023.05.21"]
[Round "5.24"]
[White "Sadhwani, Raunak"]
[Black "Aditya, Mittal"]
[Result "0-1"]
[WhiteTitle "GM"]
[BlackTitle "GM"]
[WhiteElo "2627"]
[BlackElo "2522"]
[WhiteFideId "35093487"]
[BlackFideId "35042025"]
[EventDate "2023.05.17"]
[EventType "swiss"]

1. d4 Nf6 2. c4 e6 3. g3 d5 4. Bg2 Nc6 5. Nc3 dxc4 6. Bxc6+ bxc6 7. Qa4 Qd7 8.
Qxc4 a5 9. Nf3 Ba6 10. Qa4 c5 11. Qxd7+ Kxd7 12. Be3 cxd4 13. Bxd4 c5 14. Be3
Ng4 15. Bf4 f6 16. h3 Nh6 17. Na4 Kc6 18. Rc1 e5 19. Be3 c4 20. Nb6 Bb4+ 21. Kf1
e4 22. Nh4 Bd2 23. Bxd2 Kxb6 24. Be3+ Kc6 25. Bxh6 gxh6 26. Kg2 Rhd8 27. Rc2 Rd5
28. g4 Rg8 29. Kh2 Rgd8 30. Nf5 Kc5 31. Kg3 Rd2 32. Rhc1 Kb4 33. Kf4 a4 34. Ne3
Rxc2 35. Rxc2 Rd4 36. Kf5 Rd6 37. h4 Bc8+ 38. Kf4 Ba6 39. h5 Rd4 40. Kf5 Rd6 41.
Kxe4 Bb7+ 42. Kf4 Ba6 43. f3 Rd4+ 44. Kf5 Rd6 45. Ke4 Bb7+ 46. Kf4 Ba6 47. Rc3
Kc5 48. Nc2 Rb6 49. Ne1 Rxb2 50. Nd3+ Kd4 51. Nxb2 Kxc3 52. Nxa4+ Kd2 53. Nc5
Bc8 54. e4 c3 55. Nb3+ Kc2 56. Ke3 Kb2 57. Kd4 c2 58. Nc5 Kb1 0-1

[Event "6th Sharjah Masters 2023"]
[Site "Sharjah UAE"]
[Date "2023.05.21"]
[Round "5.25"]
[White "Tin, Jingyao"]
[Black "Vidit, Santosh Gujrathi"]
[Result "0-1"]
[WhiteTitle "GM"]
[BlackTitle "GM"]
[WhiteElo "2576"]
[BlackElo "2731"]
[WhiteFideId "5804418"]
[BlackFideId "5029465"]
[EventDate "2023.05.17"]
[EventType "swiss"]

1. d4 d5 2. c4 e6 3. Nc3 c5 4. cxd5 exd5 5. Nf3 Nf6 6. g3 Nc6 7. a3 c4 8. Bg5
Be7 9. Bxf6 Bxf6 10. Bg2 O-O 11. e3 Be6 12. Ng1 Na5 13. Qh5 Nb3 14. Rd1 Qd7 15.
h3 Rad8 16. Nge2 Rfe8 17. O-O g6 18. Qf3 Bg5 19. Nf4 Bxf4 20. Qxf4 Kg7 21. g4
Qd6 22. Qf3 Rf8 23. e4 dxe4 24. Qxe4 f5 25. Qe3 fxg4 26. Nb5 Qb6 27. Qe5+ Rf6
28. Nc7 gxh3 29. Bh1 Bf7 30. Bd5 Rd7 31. Bxf7 Qxc7 32. Be6 Nxd4 33. Qxc7 Rxc7
34. Bxh3 Ne2+ 35. Kh2 Rcf7 36. Rd7 Rxd7 37. Bxd7 Rb6 0-1

[Event "6th Sharjah Masters 2023"]
[Site "Sharjah UAE"]
[Date "2023.05.21"]
[Round "5.26"]
[White "Kobalia, Mikhail"]
[Black "Robson, Ray"]
[Result "1/2-1/2"]
[WhiteTitle "GM"]
[BlackTitle "GM"]
[WhiteElo "2578"]
[BlackElo "2704"]
[WhiteFideId "4119150"]
[BlackFideId "2023970"]
[EventDate "2023.05.17"]
[EventType "swiss"]

1. e4 e5 2. Nf3 Nc6 3. Bb5 Nf6 4. O-O Nxe4 5. Re1 Nd6 6. Nxe5 Be7 7. Bf1 Nxe5 8.
Rxe5 O-O 9. Nc3 Ne8 10. Nd5 Bd6 11. Re1 c6 12. Ne3 Be7 13. Nf5 Bf6 14. Qe2 Kh8
15. Ne7 Nc7 16. Nxc8 Re8 17. Qd1 Rxe1 18. Qxe1 Rxc8 19. d3 Ne6 20. g3 Qf8 21. c3
Re8 22. Qd1 Bg5 23. Bxg5 Nxg5 24. Qg4 Ne6 25. Re1 g6 26. Re3 Kg7 27. d4 d5 28.
Re5 Qd6 29. Bh3 Nc7 30. Rxe8 Nxe8 31. Qe2 Kf8 32. Kf1 1/2-1/2

[Event "6th Sharjah Masters 2023"]
[Site "Sharjah UAE"]
[Date "2023.05.21"]
[Round "5.27"]
[White "Chigaev, Maksim"]
[Black "Muradli, Mahammad"]
[Result "1/2-1/2"]
[WhiteTitle "GM"]
[BlackTitle "GM"]
[WhiteElo "2628"]
[BlackElo "2531"]
[WhiteFideId "4108116"]
[BlackFideId "13409301"]
[EventDate "2023.05.17"]
[EventType "swiss"]

1. d4 Nf6 2. c4 e6 3. Nf3 d5 4. g3 Bb4+ 5. Bd2 Be7 6. Bg2 c6 7. Qc2 Nbd7 8. O-O
b6 9. Bf4 Ba6 10. b3 O-O 11. Rd1 Rc8 12. Nc3 c5 13. dxc5 Bxc5 14. Qb2 Bb4 15.
Ne5 b5 16. e4 Qa5 17. Nxd7 Nxd7 18. Bd2 d4 19. Nxb5 Bxb5 20. cxb5 e5 21. a4 Bxd2
22. Rxd2 Qb4 23. Bh3 Rfd8 24. Rc2 Rc3 25. Rxc3 dxc3 26. Qc2 Nc5 27. Rc1 Nxb3 28.
Qxc3 Qxa4 29. Qc4 Qa3 30. Rc3 Qa1+ 31. Kg2 Nd4 32. Qd5 Qa5 33. Rc8 Rxc8 34. Bxc8
Qc7 35. Bg4 g6 36. h4 h5 37. Bd1 Kg7 38. Bb3 Qe7 39. Bc4 Qf6 40. Kg1 Qe7 41. Kg2
Qc7 42. Kg1 Ne6 43. Qc6 Qxc6 44. bxc6 Kf6 45. f4 exf4 46. gxf4 Ke7 47. f5 gxf5
48. exf5 Nd4 49. f6+ Kd6 50. Bxf7 Nxc6 51. Bxh5 Ne5 52. Kf2 Ke6 53. f7 Nxf7 1/2-1/2

[Event "6th Sharjah Masters 2023"]
[Site "Sharjah UAE"]
[Date "2023.05.21"]
[Round "5.28"]
[White "Yuffa, Daniil"]
[Black "Sethuraman, S.P."]
[Result "1-0"]
[WhiteTitle "GM"]
[BlackTitle "GM"]
[WhiteElo "2592"]
[BlackElo "2626"]
[WhiteFideId "24131423"]
[BlackFideId "5021596"]
[EventDate "2023.05.17"]
[EventType "swiss"]

1. d4 d5 2. c4 c6 3. Nf3 Nf6 4. Nc3 e6 5. Bg5 h6 6. Bxf6 Qxf6 7. e3 g6 8. Ne5
Nd7 9. f4 g5 10. Qd2 gxf4 11. exf4 Nxe5 12. dxe5 Qe7 13. O-O-O Bd7 14. cxd5 exd5
15. Bd3 O-O-O 16. Rhe1 Bg4 17. Be2 Be6 18. Bd3 Bg4 19. Be2 h5 20. Qc2 Kb8 21.
Kb1 Bc8 22. Bf3 Qb4 23. g3 Be7 24. a3 Qa5 25. Ne2 Qb6 26. Ka1 Rdg8 27. Nd4 Bc5
28. Nf5 Rd8 29. Rc1 Bf8 30. Red1 d4 31. Be4 Be6 32. Rd2 c5 33. Bd3 Qa5 34. Rdd1
b5 35. Be4 Bxf5 36. Bxf5 c4 37. Kb1 Qb6 38. Qe4 Be7 39. Bh3 h4 40. Bg2 Kc7 41.
g4 h3 42. Bf3 Bc5 43. a4 d3 44. b4 Bxb4 45. axb5 Rd4 46. Rxc4+ Rxc4 47. Qxc4+
Qc5 48. Qxf7+ Qe7 49. Qc4+ Qc5 50. Rc1 1-0

[Event "6th Sharjah Masters 2023"]
[Site "Sharjah UAE"]
[Date "2023.05.21"]
[Round "5.29"]
[White "Indjic, Aleksandar"]
[Black "Peralta, Fernando"]
[Result "1-0"]
[WhiteTitle "GM"]
[BlackTitle "GM"]
[WhiteElo "2618"]
[BlackElo "2596"]
[WhiteFideId "911925"]
[BlackFideId "105309"]
[EventDate "2023.05.17"]
[EventType "swiss"]

1. d4 Nf6 2. c4 e6 3. Nc3 Bb4 4. Qc2 O-O 5. a3 Bxc3+ 6. Qxc3 d6 7. f3 b6 8. Bg5
Nbd7 9. Nh3 c5 10. dxc5 bxc5 11. e3 Rb8 12. Bd3 Qb6 13. Rb1 d5 14. O-O dxc4 15.
Bc2 h6 16. Bh4 Nd5 17. Qd2 Qc6 18. Rfd1 Ba6 19. e4 N5b6 20. Bg3 e5 21. a4 Rfd8
22. Qa5 Qb7 23. Rd6 Nf8 24. Bxe5 Ne6 25. Rxe6 fxe6 26. Bxb8 Rxb8 27. Nf4 Nd7 28.
Nxe6 Qb6 29. Qxb6 Rxb6 30. Nc7 Bb7 31. Nb5 a6 32. Na3 1-0

[Event "6th Sharjah Masters 2023"]
[Site "Sharjah UAE"]
[Date "2023.05.21"]
[Round "5.30"]
[White "Ter-Sahakyan, Samvel"]
[Black "Erdos, Viktor"]
[Result "1/2-1/2"]
[WhiteTitle "GM"]
[BlackTitle "GM"]
[WhiteElo "2617"]
[BlackElo "2565"]
[WhiteFideId "13302531"]
[BlackFideId "719978"]
[EventDate "2023.05.17"]
[EventType "swiss"]

1. d4 Nf6 2. Nc3 d5 3. Bf4 a6 4. e3 Nc6 5. h4 Bf5 6. Bd3 Bxd3 7. cxd3 e6 8. g4
Bd6 9. Nh3 h6 10. Qf3 Qe7 11. Bxd6 cxd6 12. O-O-O O-O-O 13. Kb1 Kb8 14. Rdg1 g6
15. Nf4 g5 16. hxg5 hxg5 17. Nfe2 Rdg8 18. a3 Qd8 19. Qg3 Qe7 20. f3 Ka8 21. Qf2
Qd8 22. Qg3 Qe7 23. Qe1 Qd8 24. Rg2 Qf8 25. Rgh2 Rxh2 26. Rxh2 Rh8 27. Qh1 Rxh2
28. Qxh2 Kb8 29. Kc2 Kc7 30. e4 Qg7 31. b4 dxe4 32. dxe4 Nd7 33. Qf2 Nb6 34. Kb3
Qf6 35. a4 Nc8 36. Qe3 a5 37. bxa5 Nxa5+ 38. Kb4 Nc6+ 39. Kb3 Na5+ 40. Ka2 Kb8
41. Nb5 Qd8 42. Qc3 d5 43. Nc1 Nc4 44. Nd3 N8d6 45. Nxd6 1/2-1/2

[Event "6th Sharjah Masters 2023"]
[Site "Sharjah UAE"]
[Date "2023.05.21"]
[Round "5.31"]
[White "Mendonca, Leon Luke"]
[Black "Adhiban, Baskaran"]
[Result "1-0"]
[WhiteTitle "GM"]
[BlackTitle "GM"]
[WhiteElo "2603"]
[BlackElo "2589"]
[WhiteFideId "35028561"]
[BlackFideId "5018471"]
[EventDate "2023.05.17"]
[EventType "swiss"]

1. d4 Nf6 2. Nf3 e6 3. c4 Bb4+ 4. Bd2 Qe7 5. e3 Bxd2+ 6. Qxd2 O-O 7. Nc3 d5 8.
Rc1 dxc4 9. Bxc4 c5 10. dxc5 Rd8 11. Qe2 Qxc5 12. O-O Nc6 13. e4 Bd7 14. Bb3 Qh5
15. Rfd1 Ne5 16. Nxe5 Qxe5 17. Qd3 h5 18. Qd4 Qg5 19. Qd2 Qxd2 20. Rxd2 Bc6 21.
Rxd8+ Rxd8 22. f3 h4 23. Rd1 Rc8 24. Kf2 Kf8 25. Ne2 Ke7 26. Nd4 Be8 27. e5 Nd7
28. f4 g5 29. g3 hxg3+ 30. hxg3 Rc5 31. Rh1 gxf4 32. gxf4 a5 33. a3 b5 34. Ke3
Nf8 35. Bc2 Nd7 36. Bd3 Nb6 37. Nb3 Nd5+ 38. Kf3 Rc7 39. Nxa5 b4 40. axb4 Nxb4
41. Be4 Bb5 42. Nb7 Bd3 43. Nd6 f5 44. Rh7+ Kd8 45. Rh8+ Kd7 46. Bb7 Ba6 47.
Rh7+ Kd8 48. Nf7+ Ke8 49. Nd6+ Kd8 50. Rh8+ Kd7 51. Bxa6 Nxa6 52. Rh7+ Kc6 53.
Rh6 Nc5 54. b4 Nd3 55. Nxf5 Nxb4 56. Rxe6+ Kc5 57. Ne3 Ra7 58. Rd6 Ra1 59. Rd2
Ra3 60. f5 Nc6 61. Rd5+ Kb6 62. f6 1-0

[Event "6th Sharjah Masters 2023"]
[Site "Sharjah UAE"]
[Date "2023.05.21"]
[Round "5.32"]
[White "Moroni, Luca Jr"]
[Black "Piorun, Kacper"]
[Result "1-0"]
[WhiteTitle "GM"]
[BlackTitle "GM"]
[WhiteElo "2535"]
[BlackElo "2601"]
[WhiteFideId "865834"]
[BlackFideId "1130420"]
[EventDate "2023.05.17"]
[EventType "swiss"]

1. c4 e5 2. g3 Nf6 3. Bg2 c6 4. Nf3 e4 5. Nd4 d5 6. d3 Bb4+ 7. Nc3 O-O 8. O-O
Re8 9. cxd5 cxd5 10. Bg5 Bxc3 11. bxc3 h6 12. Bf4 Nc6 13. Nb5 g5 14. Be3 Bf5 15.
Nd4 Bg6 16. Nxc6 bxc6 17. Bd4 Qe7 18. c4 dxc4 19. dxc4 Rad8 20. c5 Bh5 21. Re1
e3 22. fxe3 Ng4 23. Bxc6 Nxe3 24. Qd3 Rxd4 25. Qxd4 Rd8 26. Qc3 Rc8 27. Bf3 Rxc5
28. Qb4 Bg6 29. Rac1 Nc2 30. Qb8+ Kh7 31. Rf1 Ne3 32. Qb7 Rxc1 33. Rxc1 Qa3 34.
Rc7 Qxa2 35. Be4 Qa1+ 36. Kf2 Ng4+ 37. Kg2 Ne3+ 38. Kf3 Nf5 39. Rxf7+ Kg8 40.
Rxf5 Qf1+ 41. Ke3 Qg1+ 42. Kd2 Qd4+ 43. Ke1 1-0

[Event "6th Sharjah Masters 2023"]
[Site "Sharjah UAE"]
[Date "2023.05.21"]
[Round "5.33"]
[White "Acs, Peter"]
[Black "Karthikeyan, Murali"]
[Result "0-1"]
[WhiteTitle "GM"]
[BlackTitle "GM"]
[WhiteElo "2561"]
[BlackElo "2627"]
[WhiteFideId "708020"]
[BlackFideId "5074452"]
[EventDate "2023.05.17"]
[EventType "swiss"]

1. e4 e5 2. Nf3 Nc6 3. Bc4 Nf6 4. d4 exd4 5. e5 d5 6. Bb5 Ne4 7. Nxd4 Bd7 8.
Bxc6 bxc6 9. O-O Bc5 10. f3 Ng5 11. f4 Ne4 12. Be3 Bb6 13. Nc3 Nxc3 14. bxc3 O-O
15. Qh5 f6 16. Rae1 Qe8 17. Qxe8 Raxe8 18. e6 Bxe6 19. Nxe6 Rxe6 20. Bxb6 Rxe1
21. Rxe1 axb6 22. Re7 Rc8 23. Rd7 c5 24. Rxd5 Ra8 25. f5 h5 26. Rd7 Rxa2 27. Rd2
Ra3 28. Rd3 c4 29. Re3 Ra1+ 30. Kf2 Ra5 31. Re7 Rxf5+ 32. Ke3 c6 33. Rc7 Re5+
34. Kf3 Re6 35. h4 Kh7 36. g3 Kh6 37. Kf4 b5 38. Kf3 Rd6 39. Ke2 g5 40. Rc8 Kg6
41. Ke3 Kf5 42. Kf3 Rd2 43. Rxc6 g4+ 44. Ke3 Rxc2 45. Rc5+ Kg6 46. Rxb5 Rxc3+
47. Kf2 Rf3+ 48. Kg2 Rf5 0-1

[Event "6th Sharjah Masters 2023"]
[Site "Sharjah UAE"]
[Date "2023.05.21"]
[Round "5.34"]
[White "Can, Emre"]
[Black "Puranik, Abhimanyu"]
[Result "1/2-1/2"]
[WhiteTitle "GM"]
[BlackTitle "GM"]
[WhiteElo "2575"]
[BlackElo "2613"]
[WhiteFideId "6302181"]
[BlackFideId "5061245"]
[EventDate "2023.05.17"]
[EventType "swiss"]

1. Nf3 Nf6 2. c4 g6 3. Nc3 d5 4. cxd5 Nxd5 5. Qb3 Nb6 6. d4 Bg7 7. e4 Bg4 8. Be3
Bxf3 9. gxf3 Bxd4 10. Rd1 e5 11. f4 Qe7 12. Bxd4 exd4 13. Rxd4 O-O 14. Rd1 N8d7
15. Bg2 Nc5 16. Qc2 Ne6 17. Ne2 Qb4+ 18. Qd2 a5 19. O-O Rfd8 20. Qc1 c6 21. f5
Nd4 22. Nxd4 Rxd4 23. Rxd4 Qxd4 24. Rd1 Qf6 25. b3 a4 26. Qe3 Rd8 27. Rxd8+ 1/2-1/2

[Event "6th Sharjah Masters 2023"]
[Site "Sharjah UAE"]
[Date "2023.05.21"]
[Round "5.35"]
[White "Petkov, Momchil"]
[Black "Vescovi, Giovanni"]
[Result "0-1"]
[WhiteTitle "GM"]
[BlackTitle "GM"]
[WhiteElo "2522"]
[BlackElo "2606"]
[WhiteFideId "2921642"]
[BlackFideId "2100789"]
[EventDate "2023.05.17"]
[EventType "swiss"]

1. d4 Nf6 2. c4 e6 3. Nc3 Bb4 4. Nf3 b6 5. e3 O-O 6. Bd3 c5 7. O-O Bb7 8. Re1
Re8 9. a3 cxd4 10. axb4 dxc3 11. e4 d6 12. bxc3 Nbd7 13. Bf4 Qc7 14. h3 e5 15.
Bg5 h6 16. Bd2 b5 17. Nh4 bxc4 18. Bc2 a5 19. Nf5 axb4 20. Rxa8 Rxa8 21. cxb4
Nf8 22. Bc3 Ne8 23. Ba4 Bc8 24. Nxh6+ gxh6 25. Bxe8 Bxh3 26. Re3 Be6 27. Ba4 Ng6
28. Bc2 Qb6 29. Qh5 Kh7 30. Rf3 Ra2 31. Bb1 Rb2 32. Bxb2 Qxb4 33. Re3 Qxb2 34.
Qd1 Nf4 35. Bc2 Qb4 36. g3 Nh3+ 37. Kg2 Kg7 38. Qe1 Qc5 39. Kh2 Qd4 40. Kg2 Ng5
41. f4 Nh7 42. Ba4 Nf6 43. f5 Bc8 44. Bc6 Qb6 45. Ba8 Qa6 46. Bd5 Nxd5 47. exd5
Bxf5 48. Qe2 Qb5 49. Qf3 Qc5 50. Re1 Bg6 51. Rf1 c3 0-1

[Event "6th Sharjah Masters 2023"]
[Site "Sharjah UAE"]
[Date "2023.05.21"]
[Round "5.36"]
[White "Van Foreest, Lucas"]
[Black "Mastrovasilis, Dimitrios"]
[Result "1/2-1/2"]
[WhiteTitle "GM"]
[BlackTitle "GM"]
[WhiteElo "2556"]
[BlackElo "2603"]
[WhiteFideId "1039792"]
[BlackFideId "4202694"]
[EventDate "2023.05.17"]
[EventType "swiss"]

1. e4 c5 2. Nf3 e6 3. c3 Nf6 4. e5 Nd5 5. d4 cxd4 6. cxd4 d6 7. Bc4 Be7 8. O-O
O-O 9. Qe2 Bd7 10. Nc3 Nxc3 11. bxc3 Bc6 12. exd6 Bxd6 13. Ne5 Bxe5 14. Qxe5 Nd7
15. Qg3 Nf6 16. Bh6 Nh5 17. Qg4 Qf6 18. Be3 Qg6 19. Qxg6 hxg6 20. Be2 1/2-1/2

[Event "6th Sharjah Masters 2023"]
[Site "Sharjah UAE"]
[Date "2023.05.21"]
[Round "5.37"]
[White "Bernadskiy, Vitaliy"]
[Black "Socko, Bartosz"]
[Result "1-0"]
[WhiteTitle "GM"]
[BlackTitle "GM"]
[WhiteElo "2592"]
[BlackElo "2591"]
[WhiteFideId "14100371"]
[BlackFideId "1107038"]
[EventDate "2023.05.17"]
[EventType "swiss"]

1. e4 e5 2. Nc3 Nc6 3. f4 exf4 4. d4 Qh4+ 5. Ke2 d6 6. Nf3 Bg4 7. Bxf4 O-O-O 8.
Ke3 Qe7 9. h3 Bf5 10. d5 Bxe4 11. Bg5 f6 12. Nxe4 fxg5 13. Nxg5 Nf6 14. Ne6 g6
15. Nxf6 Bh6+ 16. Kd3 Qxf6 17. c3 Qf2 18. Be2 Rde8 19. Kc2 Ne7 20. Kb3 Qb6+ 21.
Kc2 Nf5 22. Qd3 Ne3+ 23. Kb1 Nxg2 24. Rf1 Kb8 25. a4 Re7 26. Ra3 Qe3 27. Qc4 c6
28. Rb3 c5 29. Qg4 Nf4 30. Nxf4 Bxf4 31. Rxf4 Qxe2 32. Qxe2 Rxe2 33. Rf7 b6 34.
a5 Re1+ 35. Ka2 Rhe8 36. Rxh7 R1e7 37. Rh6 Kc7 38. Rxg6 Rd7 39. Rg4 Rh7 40. h4
bxa5 41. Rb5 Rb8 42. Rxa5 Rb7 43. Ra6 Kd7 44. Rg6 Ke7 45. Raxd6 Rxh4 46. Rde6+
Kf7 47. Ref6+ Ke8 48. Rf5 Rb6 49. Rxb6 axb6 50. Rf6 Rh5 51. c4 b5 52. b3 Rh2+
53. Ka3 Rh3 54. cxb5 c4 55. Rc6 cxb3 56. b6 Kd7 57. Rc7+ Kd6 58. Rc4 Rh7 59. Rb4
Rb7 60. Ka4 Rb8 61. Kb5 Rh8 62. Rxb3 Rh1 63. Rc3 Rb1+ 64. Ka6 Kxd5 65. b7 1-0

[Event "6th Sharjah Masters 2023"]
[Site "Sharjah UAE"]
[Date "2023.05.21"]
[Round "5.38"]
[White "Dragnev, Valentin"]
[Black "Vasquez Schroeder, Rodrigo"]
[Result "1/2-1/2"]
[WhiteTitle "GM"]
[BlackTitle "GM"]
[WhiteElo "2593"]
[BlackElo "2524"]
[WhiteFideId "1634852"]
[BlackFideId "3400042"]
[EventDate "2023.05.17"]
[EventType "swiss"]

1. e4 e5 2. Nf3 Nc6 3. Bb5 a6 4. Ba4 Nf6 5. O-O Be7 6. Re1 b5 7. Bb3 d6 8. c3
O-O 9. h3 Bb7 10. d4 Re8 11. Ng5 Rf8 12. Nf3 Re8 13. Nbd2 Bf8 14. d5 Nb8 15. a4
Nbd7 16. c4 b4 17. a5 c5 18. Nf1 Nh5 19. Ng3 Nf4 20. Ne2 Nxe2+ 21. Qxe2 Be7 22.
Kh2 Rf8 23. Bc2 Nf6 24. g4 h6 25. g5 hxg5 26. Nxg5 g6 27. Rg1 Nh7 28. Nxh7 Kxh7
29. f4 Rh8 30. f5 Bc8 31. Be3 Kg7 32. Qg2 Bf6 33. Raf1 Kf8 34. Ba4 gxf5 35. exf5
Bb7 36. Qd2 Qxa5 37. Bc6 Bxc6 38. dxc6 Qc7 39. Bg5 Qe7 40. Rd1 Bxg5 41. Rxg5 Rc8
42. c7 Qxc7 43. f6 Qd7 44. Qxd6+ Qxd6 45. Rxd6 Re8 46. Rxa6 Rh6 47. Rc6 e4 48.
Rgxc5 e3 49. Rc8 Rxf6 50. Rxe8+ Kxe8 51. Re5+ Kd7 52. b3 Rf2+ 53. Kg3 Re2 54. h4
Kd6 55. Rd5+ Kc6 56. Rd3 Re1 57. Kf3 Rh1 58. Rd4 e2 59. Kxe2 Rh3 60. Rf4 Rxb3
61. Rxf7 Rh3 62. Rf5 1/2-1/2

[Event "6th Sharjah Masters 2023"]
[Site "Sharjah UAE"]
[Date "2023.05.21"]
[Round "5.39"]
[White "Iskandarov, Misratdin"]
[Black "Mishra, Abhimanyu"]
[Result "0-1"]
[WhiteTitle "GM"]
[BlackTitle "GM"]
[WhiteElo "2577"]
[BlackElo "2550"]
[WhiteFideId "13400312"]
[BlackFideId "30920019"]
[EventDate "2023.05.17"]
[EventType "swiss"]

1. c4 c6 2. Nf3 d5 3. g3 Nf6 4. Bg2 dxc4 5. O-O Nbd7 6. Qc2 Nb6 7. a4 a5 8. Na3
g6 9. Nxc4 Nxc4 10. Qxc4 Bg7 11. e4 O-O 12. d3 b6 13. Rd1 Ba6 14. Qc2 c5 15. Bf4
Rc8 16. Bh3 e6 17. Qb3 Nd7 18. d4 cxd4 19. Bg5 Nc5 20. Qa3 Qd7 21. e5 d3 22. Bg2
Bb7 23. Bf4 Rfd8 24. b4 Ne4 25. bxa5 bxa5 26. Ne1 Rc3 27. Qb2 Qc7 28. Rac1 Bxe5
29. Bxe5 Qxe5 30. Qxb7 Rxc1 31. Rxc1 d2 32. Rd1 Nc5 33. Qb1 Rb8 34. Qa1 dxe1=R+
35. Rxe1 Qxa1 36. Rxa1 Rb2 37. Bc6 Nd3 38. f4 Nb4 39. Bb5 Rc2 40. Rd1 Nd5 41.
Bd3 Rb2 42. Be4 Nc3 43. Rd8+ Kg7 44. Bc6 h6 45. Ra8 Ne2+ 46. Kf1 Nd4 47. Be8 Nf5
48. Ra7 Nd6 49. Bc6 Rxh2 50. Rxa5 Rc2 51. Bf3 h5 52. Ke1 Ra2 53. Ra7 Nf5 54. Bc6
Kf6 55. a5 Nxg3 56. Be8 Ra1+ 57. Kd2 Ne4+ 58. Kc2 Nd6 59. Kb2 Rxa5 0-1